MARC details
| 000 -LEADER |
| fixed length control field |
06481cgm a2201165Mi 4500 |
| 001 - CONTROL NUMBER |
| control field |
on1322140045 |
| 003 - CONTROL NUMBER IDENTIFIER |
| control field |
OCoLC |
| 005 - DATE AND TIME OF LATEST TRANSACTION |
| control field |
20230428161909.0 |
| 007 - PHYSICAL DESCRIPTION FIXED FIELD--GENERAL INFORMATION |
| fixed length control field |
vd cvaizs |
| 008 - FIXED-LENGTH DATA ELEMENTS--GENERAL INFORMATION |
| fixed length control field |
220124p20202019xxu253 g vleng d |
| 040 ## - CATALOGING SOURCE |
| Original cataloging agency |
AL5CW |
| Language of cataloging |
eng |
| Description conventions |
rda |
| Transcribing agency |
AL5CW |
| Modifying agency |
OCLCF |
| -- |
WACOL |
| 024 1# - OTHER STANDARD IDENTIFIER |
| Standard number or code |
767685164303 |
| 028 42 - PUBLISHER NUMBER |
| Publisher number |
HM6430 |
| Source |
Hallmark |
| -- |
(container) |
| 035 ## - SYSTEM CONTROL NUMBER |
| System control number |
(OCoLC)1322140045 |
| 092 ## - LOCALLY ASSIGNED DEWEY CALL NUMBER (OCLC) |
| Classification number |
dvd |
| Item number |
Christmas |
| 049 ## - LOCAL HOLDINGS (OCLC) |
| Holding library |
WACL |
| 245 00 - TITLE STATEMENT |
| Title |
Christmas in Montana [DVD] ; Our Christmas love song ; A Blue Ridge Mountain Christmas. |
| 246 3# - VARYING FORM OF TITLE |
| Title proper/short title |
Hallmark Channel triple feature [DVD] |
| 246 3# - VARYING FORM OF TITLE |
| Title proper/short title |
Christmas in Montana [DVD] |
| 246 3# - VARYING FORM OF TITLE |
| Title proper/short title |
Our Christmas love song [DVD] |
| 246 3# - VARYING FORM OF TITLE |
| Title proper/short title |
A Blue Ridge Mountain Christmas [DVD] |
| 246 3# - VARYING FORM OF TITLE |
| Title proper/short title |
Hallmark triple feature [DVD] |
| 264 #1 - Production, Publication, Distribution, Manufacture, and Copyright Notice. |
| Place of production, publication, distribution, manufacture |
[United States] : |
| Name of producer, publisher, distributor, manufacturer |
Hallmark, |
| Date of production, publication, distribution, manufacture, or copyr |
[2019] |
| 264 #2 - Production, Publication, Distribution, Manufacture, and Copyright Notice. |
| Name of producer, publisher, distributor, manufacturer |
Cinedigm Entertainment Corp. |
| 300 ## - PHYSICAL DESCRIPTION |
| Extent |
1 videodisc (approximately 253 minutes) : |
| Other physical details |
sound, color ; |
| Dimensions |
4 3/4 in. |
| 336 ## - Content Type |
| Content type term |
two-dimensional moving image |
| 337 ## - Media type |
| Media type term |
video |
| 338 ## - Carrier type |
| Carrier type term |
videodisc |
| 344 ## - |
| -- |
digital |
| -- |
rdatr |
| 344 ## - |
| -- |
optical |
| -- |
rdarm |
| 344 ## - |
| -- |
surround |
| -- |
rdacpc |
| 344 ## - |
| -- |
Dolby Digital 5.1 |
| 347 ## - |
| -- |
video file |
| -- |
rdaft |
| 347 ## - |
| -- |
DVD video |
| 380 ## - |
| -- |
Motion picture |
| 500 ## - GENERAL NOTE |
| General note |
Originally broadcast in 2019 as a made-for-TV movies. |
| 505 00 - FORMATTED CONTENTS NOTE |
| Title |
Christmas in Montana -- |
| -- |
Our Christmas love song -- |
| -- |
A Blue Ridge Mountain Christmas. |
| 508 ## - CREATION/PRODUCTION CREDITS NOTE |
| Creation/production credits note |
Christmas in Montana: directed by T.W. Peacocke ; produced by Janina Barrett; written by Julie Sherman Wolfe ; music by Craig McConnell ; director of photography, Craig Wright. |
| 508 ## - CREATION/PRODUCTION CREDITS NOTE |
| Creation/production credits note |
Our Christmas love song: directed by Gary Yates ; produced by Stan Spry, Eric Woods, Nancy Grace, and Josh Sabarra ; teleplay by Julie Sherman Wolfe based on a story by Nancy Grace & Josh Sabarra ; music by Matthew Rogers ; director of photography, Paul Suderman. |
| 508 ## - CREATION/PRODUCTION CREDITS NOTE |
| Creation/production credits note |
A Blue Ridge Mountain Christmas: directed by David Winning ; produced by Jim Head, Joel S. Rice, Michael Prupas, Shawn Williamson, Rachael Leigh Cook ; written by Rick Garman based on the novel "A Christmas Bride" by Hope Ramsay ; music by Jason Nielsen ; director of photography, Ron Stannett, CSC. |
| 511 1# - PARTICIPANT OR PERFORMER NOTE |
| Participant or performer note |
Christmas in Montana: Ava Preston, Kellie Martin, Colin Ferguson. |
| 511 1# - PARTICIPANT OR PERFORMER NOTE |
| Participant or performer note |
Our Christmas love song: Brendan Hines, Andrea Del Campo, Alicia Witt. |
| 511 1# - PARTICIPANT OR PERFORMER NOTE |
| Participant or performer note |
A Blue Ridge Mountain Christmas: Benjamin Ayres, Christie Burke, Rachael Leigh Cook. |
| 520 ## - SUMMARY, ETC. |
| Summary, etc |
Christmas in Montana: Sara is an L.A. based vegetarian and business consultant. Travis is a rugged cattle rancher with a beautiful but struggling ranch in Montana. Sara is sent to Montana to help Travis save the ranch. Amidst the wonder of the holidays, they just might find that the values they share are more important than their differences. |
| 520 ## - SUMMARY, ETC. |
| Summary, etc |
Our Christmas love song: When country star Melody Jones is accused of plagiarizing her holiday single, she returns home to spend Christmas with her estranged family and old flame and learns what is important in life. Based on a story by Nancy Grace & Josh Sabarra. |
| 520 ## - SUMMARY, ETC. |
| Summary, etc |
A Blue Ridge Mountain Christmas: Hotel manager Willow returns to her stunning Virginia hometown to help her sister plan a Christmas wedding at the inn her family once owned. She must work with current owner and single dad David, who wants to let go of the past. Based on the Novel "A Christmas Bride" by Hope Ramsay. |
| 521 8# - TARGET AUDIENCE NOTE |
| Target audience note |
Rating: TVG |
| -- |
Rating: Not rated. |
| 538 ## - SYSTEM DETAILS NOTE |
| System details note |
DVD; widescreen ; region 1; Dolby Digital 5.1. |
| 546 ## - LANGUAGE NOTE |
| Language note |
English dialogue; English subtitles for the deaf and hard of hearing (SDH) ; closed-captioned. |
| 521 ## - TARGET AUDIENCE NOTE |
| Target audience note |
dvd |
| Source |
donation |
| 650 #0 - SUBJECT ADDED ENTRY--TOPICAL TERM |
| Topical term or geographic name as entry element |
Man-woman relationships |
| Form subdivision |
Drama. |
| 9 (RLIN) |
5673977 |
| 650 #0 - SUBJECT ADDED ENTRY--TOPICAL TERM |
| Topical term or geographic name as entry element |
Christmas plays |
| Form subdivision |
Drama. |
| 9 (RLIN) |
6466482 |
| 650 #0 - SUBJECT ADDED ENTRY--TOPICAL TERM |
| Topical term or geographic name as entry element |
Single fathers |
| Form subdivision |
Drama. |
| 9 (RLIN) |
5699440 |
| 650 #0 - SUBJECT ADDED ENTRY--TOPICAL TERM |
| Topical term or geographic name as entry element |
Ranchers |
| Form subdivision |
Drama. |
| 9 (RLIN) |
6384361 |
| 650 #0 - SUBJECT ADDED ENTRY--TOPICAL TERM |
| Topical term or geographic name as entry element |
Dating services |
| Form subdivision |
Drama. |
| 9 (RLIN) |
6376208 |
| 650 #0 - SUBJECT ADDED ENTRY--TOPICAL TERM |
| Topical term or geographic name as entry element |
Women singers |
| Form subdivision |
Drama. |
| 9 (RLIN) |
5698444 |
| 650 #0 - SUBJECT ADDED ENTRY--TOPICAL TERM |
| Topical term or geographic name as entry element |
Weddings |
| Form subdivision |
Drama. |
| 9 (RLIN) |
5713449 |
| 651 #0 - SUBJECT ADDED ENTRY--GEOGRAPHIC NAME |
| Geographic name |
Montana |
| Form subdivision |
Drama. |
| 9 (RLIN) |
5761479 |
| 651 #0 - SUBJECT ADDED ENTRY--GEOGRAPHIC NAME |
| Geographic name |
Blue Ridge Mountains |
| Form subdivision |
Drama. |
| 9 (RLIN) |
6466483 |
| 650 #7 - SUBJECT ADDED ENTRY--TOPICAL TERM |
| Topical term or geographic name as entry element |
Christmas plays. |
| Source of heading or term |
fast |
| -- |
(OCoLC)fst00859836 |
| 650 #7 - SUBJECT ADDED ENTRY--TOPICAL TERM |
| Topical term or geographic name as entry element |
Dating services. |
| Source of heading or term |
fast |
| -- |
(OCoLC)fst01199880 |
| 650 #7 - SUBJECT ADDED ENTRY--TOPICAL TERM |
| Topical term or geographic name as entry element |
Man-woman relationships. |
| Source of heading or term |
fast |
| -- |
(OCoLC)fst01007080 |
| 650 #7 - SUBJECT ADDED ENTRY--TOPICAL TERM |
| Topical term or geographic name as entry element |
Ranchers. |
| Source of heading or term |
fast |
| -- |
(OCoLC)fst01089749 |
| 650 #7 - SUBJECT ADDED ENTRY--TOPICAL TERM |
| Topical term or geographic name as entry element |
Single fathers. |
| Source of heading or term |
fast |
| -- |
(OCoLC)fst01119359 |
| 650 #7 - SUBJECT ADDED ENTRY--TOPICAL TERM |
| Topical term or geographic name as entry element |
Weddings. |
| Source of heading or term |
fast |
| -- |
(OCoLC)fst01173328 |
| 650 #7 - SUBJECT ADDED ENTRY--TOPICAL TERM |
| Topical term or geographic name as entry element |
Women singers. |
| Source of heading or term |
fast |
| -- |
(OCoLC)fst01178528 |
| 651 #7 - SUBJECT ADDED ENTRY--GEOGRAPHIC NAME |
| Geographic name |
Montana. |
| Source of heading or term |
fast |
| -- |
(OCoLC)fst01207555 |
| 651 #7 - SUBJECT ADDED ENTRY--GEOGRAPHIC NAME |
| Geographic name |
United States |
| Geographic subdivision |
Blue Ridge Mountains. |
| Source of heading or term |
fast |
| -- |
(OCoLC)fst01243051 |
| 9 (RLIN) |
6455894 |
| 655 #0 - INDEX TERM--GENRE/FORM |
| Genre/form data or focus term |
DVD-Video discs. |
| 655 #7 - INDEX TERM--GENRE/FORM |
| Genre/form data or focus term |
Drama. |
| Source of term |
fast |
| -- |
(OCoLC)fst01423879 |
| 655 #7 - INDEX TERM--GENRE/FORM |
| Genre/form data or focus term |
Feature films. |
| Source of term |
fast |
| -- |
(OCoLC)fst01710384 |
| 655 #7 - INDEX TERM--GENRE/FORM |
| Genre/form data or focus term |
Fiction films. |
| Source of term |
fast |
| -- |
(OCoLC)fst01710264 |
| 655 #7 - INDEX TERM--GENRE/FORM |
| Genre/form data or focus term |
Made-for-TV movies. |
| Source of term |
fast |
| -- |
(OCoLC)fst01710404 |
| 655 #7 - INDEX TERM--GENRE/FORM |
| Genre/form data or focus term |
Romance films. |
| Source of term |
fast |
| -- |
(OCoLC)fst01710332 |
| 9 (RLIN) |
5675183 |
| 655 #7 - INDEX TERM--GENRE/FORM |
| Genre/form data or focus term |
Video recordings for the hearing impaired. |
| Source of term |
fast |
| -- |
(OCoLC)fst01710450 |
| 655 #7 - INDEX TERM--GENRE/FORM |
| Genre/form data or focus term |
Romance films. |
| Source of term |
lcgft |
| 9 (RLIN) |
5675183 |
| 655 #7 - INDEX TERM--GENRE/FORM |
| Genre/form data or focus term |
Made-for-TV movies. |
| Source of term |
lcgft |
| 655 #7 - INDEX TERM--GENRE/FORM |
| Genre/form data or focus term |
Feature films. |
| Source of term |
lcgft |
| 655 #7 - INDEX TERM--GENRE/FORM |
| Genre/form data or focus term |
Video recordings for the hearing impaired. |
| Source of term |
lcgft |
| 655 #7 - INDEX TERM--GENRE/FORM |
| Genre/form data or focus term |
Fiction films. |
| Source of term |
lcgft |
| 700 1# - ADDED ENTRY--PERSONAL NAME |
| Personal name |
Wolfe, Julie Sherman, |
| Relator term |
screenwriter. |
| 9 (RLIN) |
6455050 |
| 700 1# - ADDED ENTRY--PERSONAL NAME |
| Personal name |
Garman, Rick, |
| Relator term |
screenwriter. |
| 9 (RLIN) |
5775504 |
| 700 1# - ADDED ENTRY--PERSONAL NAME |
| Personal name |
Grace, Nancy, |
| Dates associated with a name |
1959- |
| Relator term |
film producer. |
| 9 (RLIN) |
6193954 |
| 700 1# - ADDED ENTRY--PERSONAL NAME |
| Personal name |
Ramsay, Hope, |
| Relator term |
author. |
| 9 (RLIN) |
6037853 |
| 700 1# - ADDED ENTRY--PERSONAL NAME |
| Personal name |
Peacocke, T. W., |
| Dates associated with a name |
1960- |
| Relator term |
film director. |
| 9 (RLIN) |
6378677 |
| 700 1# - ADDED ENTRY--PERSONAL NAME |
| Personal name |
Preston, Ava, |
| Dates associated with a name |
2004- |
| Relator term |
actor. |
| 9 (RLIN) |
6391907 |
| 700 1# - ADDED ENTRY--PERSONAL NAME |
| Personal name |
Martin, Kellie, |
| Dates associated with a name |
1975- |
| Relator term |
actor. |
| 9 (RLIN) |
66227 |
| 700 1# - ADDED ENTRY--PERSONAL NAME |
| Personal name |
Ferguson, Colin, |
| Dates associated with a name |
1972- |
| Relator term |
actor. |
| 9 (RLIN) |
6176925 |
| 700 1# - ADDED ENTRY--PERSONAL NAME |
| Personal name |
Yates, Gary, |
| Relator term |
film director. |
| 9 (RLIN) |
5812480 |
| 700 1# - ADDED ENTRY--PERSONAL NAME |
| Personal name |
Hines, Brendan, |
| Dates associated with a name |
1976- |
| Relator term |
actor. |
| 9 (RLIN) |
6231314 |
| 700 1# - ADDED ENTRY--PERSONAL NAME |
| Personal name |
Witt, Alicia, |
| Dates associated with a name |
1975- |
| Relator term |
actor. |
| 9 (RLIN) |
66973 |
| 700 1# - ADDED ENTRY--PERSONAL NAME |
| Personal name |
Winning, David, |
| Dates associated with a name |
1961- |
| Relator term |
film director. |
| 9 (RLIN) |
5800628 |
| 700 1# - ADDED ENTRY--PERSONAL NAME |
| Personal name |
Ayres, Benjamin, |
| Relator term |
actor. |
| 9 (RLIN) |
6458967 |
| 700 1# - ADDED ENTRY--PERSONAL NAME |
| Personal name |
Burke, Christie, |
| Relator term |
actor. |
| 9 (RLIN) |
6466484 |
| 700 1# - ADDED ENTRY--PERSONAL NAME |
| Personal name |
Cook, Rachael Leigh, |
| Dates associated with a name |
1979- |
| Relator term |
actor. |
| 9 (RLIN) |
59190 |
| 710 2# - ADDED ENTRY--CORPORATE NAME |
| Corporate name or jurisdiction name as entry element |
Hallmark Channel (Television network) |
| Relator term |
publisher. |
| 9 (RLIN) |
5690645 |
| 710 2# - ADDED ENTRY--CORPORATE NAME |
| Corporate name or jurisdiction name as entry element |
Cinedigm (Firm) |
| Relator term |
film distributor. |
| 9 (RLIN) |
5724938 |
| 710 2# - ADDED ENTRY--CORPORATE NAME |
| Corporate name or jurisdiction name as entry element |
Canadian Film or Video Production Tax Credit (Program) |
| Relator term |
production company. |
| 9 (RLIN) |
5735322 |
| 994 ## - |
| -- |
C0 |
| -- |
WACOL |